| 000 | 01339cam a2200337 i 4500 | ||
|---|---|---|---|
| 001 | 43985 | ||
| 003 | Mx-PuUPA | ||
| 005 | 20250715130157.0 | ||
| 008 | 140415s1995 ag gr 000 0 spa d | ||
| 020 | _a9500262215 | ||
| 040 |
_aMx-PuUPA _bspa _cMx-PuUPA _dMx-PuUPA _erda |
||
| 041 | 1 |
_aspa _heng |
|
| 100 | 1 |
_aBerlo, David K., _d1929- _95763 _eautor |
|
| 240 | 1 | 0 |
_aThe process of communication, an introduction to theory and practice. _lEspañol |
| 245 | 1 | 3 |
_aEl proceso de la comunicación : _bintroducción a la teoría y a la práctica / _cDavid K. Berlo ; traducción de Silvina González Roura y Giovanna Winckhler |
| 250 | _aPrimera edición | ||
| 264 | 1 |
_aBuenos Aires : _bEl Ateneo, _c1969 _c©1995 |
|
| 300 |
_ax, 173 páginas ; _c22 cm |
||
| 336 |
_2rdacontent _atexto _btxt |
||
| 337 |
_2rdamedia _asin medio _bn |
||
| 338 |
_2rdacarrier _avolumen _bnc |
||
| 490 | 0 | _aLa comunicación | |
| 500 | _aReimpresiones: (17a.) | ||
| 650 | 7 |
_2armarc _aComunicación |
|
| 700 | 1 |
_aGonzález Roura, Silvina, _etraductor |
|
| 700 | 1 |
_aWinckhler, Giovanna, _etraductor |
|
| 765 | 0 |
_aBerlo, David K. 1929- _tThe process of communication, an introduction to theory and practice. _dNew York : Horlt, Rinehart and Winston, 1960 |
|
| 942 |
_2ddc _cLI _h302.2 _iB418 |
||
| 999 |
_c43985 _d43985 |
||